| 000 | 00631nam a22001817a 4500 | ||
|---|---|---|---|
| 999 |
_c15646 _d15646 |
||
| 003 | AR-CdUCM | ||
| 008 | 190429b ||||| |||| 00| 0 spa d | ||
| 040 |
_aMUNICIPALIDAD PROVINCIAL DEL CUSCO _cBIBLIOTECA MUNICIPAL DEL CUSCO |
||
| 082 |
_aC / 985.612 / _bM13 |
||
| 245 | _aMachu Picchu : sus terrazas / | ||
| 260 |
_aLima : _c1940. |
||
| 300 |
_a136 páginas ; _c21 cm. |
||
| 440 |
_aBoletín del comité nacional de protección a la naturaleza _934783 |
||
| 505 | _aArticulos de socios del comite nacional -- Suelo aridos -- Fauna -- Flora -- Peces... | ||
| 650 |
_aMachupicchu. _91751 |
||
| 942 |
_2ddc _cLIBROS |
||
| 945 | _awfj | ||